Normal view
MARC view
- RAKESH K. N
Entry Personal Name
001 - CONTROL NUMBER
- control field: 3356
003 - CONTROL NUMBER IDENTIFIER
- control field: OSt
005 - DATE AND TIME OF LATEST TRANSACTION
- control field: 20180926105141.0
008 - FIXED-LENGTH DATA ELEMENTS
- fixed length control field: 180926|| aca||aabn | a|a d
040 ## - CATALOGING SOURCE
- Original cataloging agency: OSt
- Transcribing agency: OSt
100 ## - HEADING--PERSONAL NAME
- Personal name: RAKESH K. N
670 ## - SOURCE DATA FOUND
- Source citation: Work cat.: (OSt)15200: RAKESH K. N, Effect of seal formation due to cattle manure application on infiltration and runoff
